A picture's worth a thousand words

Shranjeno v:
Bibliografske podrobnosti
Format: Knjiga
Izdano: 1996
Oznake: Označite
Brez oznak, prvi označite!
Thư viện lưu trữ: Mạng thư viện Đại học Đà Nẵng
LEADER 00441nam a22001811a 4500
001 000037580
003 13875
005 20160412020402.0
008 160412s1996 000
082 |a 4A(07)882 
245 |a A picture's worth a thousand words  |c Kim Sanabria 
260 |c 1996 
OWN |a LNN 
999 |a From the UDN01 
TYP |a Monograph 
980 |a Mạng thư viện Đại học Đà Nẵng